00379nam a2200085Ia 4500008004100000245009900041260000900140300009700149650004700246180130s9999 xx 000 0 und d cAl-Zoubi, Saleem; Alfawaer, Zeyad M.; Al-Zoubi, MohammadaWeb-based projects management system c2015 aBook title: Information technology project management--Acession number C20536; pages 139-150 aPROJECT MANAGEMENT--INFORMATION TECHNOLOGY